[Event "Kavala op-B 33rd"]
[Site "Kavala"]
[Date "2024.07.29"]
[Round "1"]
[White "Christodoulou, Panormitis"]
[Black "Nallapareddygari, Ajitesh"]
[Result "1-0"]
[WhiteElo "1995"]
[BlackElo "1730"]
[PlyCount "63"]
[EventDate "2024.07.29"]
[EventType "swiss"]
[EventRounds "9"]
[EventCountry "GRE"]
[SourceTitle "EXT 2025"]
[Source "ChessBase"]
[SourceDate "2024.10.14"]
[SourceVersion "1"]
[SourceVersionDate "2024.10.14"]
[SourceQuality "1"]

1. e4 e5 2. Nf3 Nc6 3. Bb5 Nge7 4. c3 g6 5. 0-0 Bg7 6. d4 exd4 7. cxd4 0-0 8. d5 Ne5 9. Nxe5 Bxe5 10. Nc3 d6 11. Bh6 Bg7 12. Bxg7 Kxg7 13. Qd4+ f6 14. Rad1 Kg8 15. f4 a6 16. Bc4 Bd7 17. h3 Nc8 18. e5 f5 19. Rfe1 Qe7 20. Bb3 Nb6 21. Rc1 Qg7 22. Nd1 Be8 23. Nf2 Rf7 24. a4 Re7 25. Nd3 Kh8 26. Rc3 a5 27. Rec1 Rd8 28. Kh2 dxe5 29. Nxe5 Nc8 30. Rxc7 Bc6 31. dxc6 Rxd4 32. Rxc8+ 1-0